[Event "New Zealand Championship 2023"]
[Site "Wellington"]
[Date "2023.01.06"]
[Round "5.2"]
[White "Van Riemsdijk, Herman C."]
[Black "Moradiabadi, Elshan"]
[Result "0-1"]
[WhiteElo "2265"]
[BlackElo "2514"]

1. e4 {[%clk 01:30:57] [%emt 00:00:02]} 1... c5 {[%clk 01:25:17] [%emt
00:05:44]} 2. Nf3 {[%clk 01:30:55] [%emt 00:00:31]} 2... e6 {[%clk 01:25:43]
[%emt 00:00:04]} 3. d4 {[%clk 01:31:17] [%emt 00:00:08]} 3... cxd4 {[%clk
01:26:11] [%emt 00:00:03]} 4. Nxd4 {[%clk 01:31:33] [%emt 00:00:14]} 4... a6
{[%clk 01:26:40] [%emt 00:00:02]} 5. c4 {[%clk 01:31:26] [%emt 00:00:36]} 5...
Nf6 {[%clk 01:27:07] [%emt 00:00:04]} 6. Nc3 {[%clk 01:31:48] [%emt 00:00:07]}
6... Bb4 {[%clk 01:27:36] [%emt 00:00:02]} 7. Bd3 {[%clk 01:31:26] [%emt
00:00:51]} 7... Nc6 {[%clk 01:28:04] [%emt 00:00:03]} 8. Nxc6 {[%clk 01:30:11]
[%emt 00:01:44]} 8... dxc6 {[%clk 01:28:29] [%emt 00:00:06]} 9. O-O {[%clk
01:27:31] [%emt 00:03:08]} 9... e5 {[%clk 01:26:28] [%emt 00:02:31]} 10. Bg5
{[%clk 01:25:26] [%emt 00:02:34]} 10... h6 {[%clk 01:24:25] [%emt 00:02:35]}
11. Bxf6 {[%clk 01:25:24] [%emt 00:00:31]} 11... Qxf6 {[%clk 01:23:48] [%emt
00:01:09]} 12. Na4 {[%clk 01:25:33] [%emt 00:00:20]} 12... O-O {[%clk 01:21:00]
[%emt 00:03:18]} 13. c5 {[%clk 01:24:56] [%emt 00:01:06]} 13... Be6 {[%clk
01:17:52] [%emt 00:03:38]} 14. a3 {[%clk 01:19:31] [%emt 00:05:56]} 14... Ba5
{[%clk 01:18:21]} 15. b4 {[%clk 01:19:42] [%emt 00:00:18]} 15... Bc7 {[%clk
01:18:50] [%emt 00:00:02]} 16. Qc2 {[%clk 01:19:54] [%emt 00:00:17]} 16... Rad8
{[%clk 01:17:18] [%emt 00:02:03]} 17. Rfd1 {[%clk 01:07:38] [%emt 00:12:46]}
17... Rd4 {[%clk 01:12:27] [%emt 00:05:22]} 18. Nc3 {[%clk 00:54:55] [%emt
00:13:12]} 18... Rfd8 {[%clk 01:10:40] [%emt 00:02:18]} 19. Ne2 {[%clk
00:55:03] [%emt 00:00:21]} 19... R4d7 {[%clk 01:11:09] [%emt 00:00:01]} 20. Ng3
{[%clk 00:53:04] [%emt 00:02:29]} 20... Qf4 {[%clk 00:57:04] [%emt 00:14:35]}
21. Nf1 {[%clk 00:51:32] [%emt 00:02:01]} 21... b5 {[%clk 00:57:20] [%emt
00:00:15]} 22. Ne3 {[%clk 00:51:12] [%emt 00:00:48]} 22... a5 {[%clk 00:55:45]
[%emt 00:02:07]} 23. g3 {[%clk 00:50:27] [%emt 00:01:13]} 23... Qf6 {[%clk
00:55:55] [%emt 00:00:21]} 24. Kg2 {[%clk 00:46:41] [%emt 00:04:15]} 24... g6
{[%clk 00:53:57] [%emt 00:02:29]} 25. Qc3 {[%clk 00:44:45] [%emt 00:02:25]}
25... a4 {[%clk 00:46:55] [%emt 00:07:33]} 26. Be2 {[%clk 00:42:17] [%emt
00:02:57]} 26... Rd4 {[%clk 00:46:47] [%emt 00:00:38]} 27. Rd3 {[%clk 00:36:26]
[%emt 00:06:21]} 27... Rxe4 {[%clk 00:44:38] [%emt 00:02:41]} 28. Rxd8+ {[%clk
00:36:19] [%emt 00:00:36]} 28... Bxd8 {[%clk 00:45:07] [%emt 00:00:02]} 29. Rd1
{[%clk 00:25:17] [%emt 00:11:30]} 29... Be7 {[%clk 00:42:57] [%emt 00:02:40]}
30. Rd3 {[%clk 00:23:56] [%emt 00:01:51]} 30... h5 {[%clk 00:40:58] [%emt
00:02:31]} 31. Qc2 {[%clk 00:23:16] [%emt 00:01:09]} 31... Rd4 {[%clk 00:41:08]
[%emt 00:00:20]} 32. Qd1 {[%clk 00:22:06] [%emt 00:01:40]} 32... Bb3 {[%clk
00:32:44] [%emt 00:08:53]} 33. Qd2 {[%clk 00:21:15] [%emt 00:01:21]} 33... Bf8
{[%clk 00:31:47] [%emt 00:01:28]} 34. Nc2 {[%clk 00:17:45] [%emt 00:04:00]}
34... Rxd3 {[%clk 00:31:30] [%emt 00:00:48]} 35. Qxd3 {[%clk 00:17:18] [%emt
00:00:56]} 35... e4 {[%clk 00:27:47] [%emt 00:04:14]} 36. Qd4 {[%clk 00:17:17]
[%emt 00:00:31]} 36... Bg7 {[%clk 00:27:55] [%emt 00:00:21]} 0-1

[Event "New Zealand Championship 2023"]
[Site "Wellington"]
[Date "2023.01.06"]
[Round "5.3"]
[White "Dive, Russell J"]
[Black "Shoker, Samy"]
[Result "1/2-1/2"]
[WhiteElo "2350"]
[BlackElo "2491"]

1. Nf3 {[%clk 01:30:58] [%emt 00:00:02]} 1... g6 {[%clk 01:30:47] [%emt
00:00:14]} 2. c4 {[%clk 01:30:52] [%emt 00:00:35]} 2... Bg7 {[%clk 01:31:12]
[%emt 00:00:05]} 3. Nc3 {[%clk 01:31:18] [%emt 00:00:05]} 3... d6 {[%clk
01:31:24] [%emt 00:00:18]} 4. g3 {[%clk 01:30:52] [%emt 00:00:56]} 4... Nf6
{[%clk 01:31:48] [%emt 00:00:06]} 5. Bg2 {[%clk 01:31:16] [%emt 00:00:05]} 5...
O-O {[%clk 01:32:11] [%emt 00:00:07]} 6. O-O {[%clk 01:31:29] [%emt 00:00:17]}
6... c6 {[%clk 01:32:35] [%emt 00:00:07]} 7. d4 {[%clk 01:31:23] [%emt
00:00:35]} 7... Nbd7 {[%clk 01:32:18] [%emt 00:00:47]} 8. e4 {[%clk 01:31:28]
[%emt 00:00:25]} 8... e5 {[%clk 01:32:35] [%emt 00:00:13]} 9. h3 {[%clk
01:31:35] [%emt 00:00:22]} 9... Re8 {[%clk 01:30:15] [%emt 00:02:50]} 10. Re1
{[%clk 01:25:23] [%emt 00:06:42]} 10... a6 {[%clk 01:16:15] [%emt 00:14:31]}
11. Bg5 {[%clk 01:09:48] [%emt 00:16:05]} 11... Qb6 {[%clk 01:05:32] [%emt
00:11:12]} 12. Na4 {[%clk 00:54:01] [%emt 00:16:18]} 12... Qc7 {[%clk 00:53:07]
[%emt 00:12:55]} 13. dxe5 {[%clk 00:49:58] [%emt 00:04:32]} 13... Nxe5 {[%clk
00:50:26] [%emt 00:03:11]} 14. Nxe5 {[%clk 00:45:26] [%emt 00:05:03]} 14...
dxe5 {[%clk 00:50:44] [%emt 00:00:12]} 15. c5 {[%clk 00:38:24] [%emt 00:07:32]}
15... Be6 {[%clk 00:50:34] [%emt 00:00:39]} 16. Qc2 {[%clk 00:37:24] [%emt
00:01:30]} 16... Rad8 {[%clk 00:45:17] [%emt 00:05:47]} 17. Rad1 {[%clk
00:34:55] [%emt 00:03:00]} 17... Rxd1 {[%clk 00:44:15] [%emt 00:01:32]} 18.
Rxd1 {[%clk 00:35:15] [%emt 00:00:10]} 18... Nd7 {[%clk 00:44:38] [%emt
00:00:07]} 19. Bf1 {[%clk 00:30:15] [%emt 00:05:30]} 19... Nf8 {[%clk 00:37:21]
[%emt 00:07:47]} 20. Nb6 {[%clk 00:25:47] [%emt 00:04:58]} 20... h6 {[%clk
00:31:38] [%emt 00:06:14]} 21. Be3 {[%clk 00:22:38] [%emt 00:03:38]} 21... f5
{[%clk 00:30:27] [%emt 00:01:41]} 22. Rd6 {[%clk 00:14:15] [%emt 00:08:53]}
22... f4 {[%clk 00:28:59] [%emt 00:01:58]} 23. gxf4 {[%clk 00:10:16] [%emt
00:04:30]} 23... exf4 {[%clk 00:29:21] [%emt 00:00:08]} 24. Bxf4 {[%clk
00:10:29] [%emt 00:00:16]} 24... Qf7 {[%clk 00:29:29] [%emt 00:00:22]} 25. Bg3
{[%clk 00:10:27] [%emt 00:00:32]} 25... Bxa2 {[%clk 00:23:14] [%emt 00:06:46]}
26. Nc4 {[%clk 00:09:09] [%emt 00:01:48]} 26... Ne6 {[%clk 00:23:39] [%emt
00:00:05]} 27. Rxe6 {[%clk 00:04:23] [%emt 00:05:16]} 27... Rxe6 {[%clk
00:21:07] [%emt 00:03:02]} 28. b3 {[%clk 00:04:34] [%emt 00:00:19]} 28... Bxb3
{[%clk 00:21:13] [%emt 00:00:24]} 29. Qxb3 {[%clk 00:04:52] [%emt 00:00:11]}
29... Rxe4 {[%clk 00:21:36] [%emt 00:00:06]} 30. Qc2 {[%clk 00:02:22] [%emt
00:03:00]} 30... Re1 {[%clk 00:21:59] [%emt 00:00:06]} 31. Ne3 {[%clk 00:00:35]
[%emt 00:02:20]} 31... Kh7 {[%clk 00:20:05] [%emt 00:02:23]} 32. Kg2 {[%clk
00:00:49] [%emt 00:00:16]} 32... a5 {[%clk 00:14:00] [%emt 00:06:35]} 33. Bc4
{[%clk 00:00:44] [%emt 00:00:34]} 33... Qf6 {[%clk 00:14:24] [%emt 00:00:06]}
34. Qd2 {[%clk 00:00:44] [%emt 00:00:31]} 34... Ra1 {[%clk 00:08:33] [%emt
00:06:21]} 35. Qd7 {[%clk 00:00:37] [%emt 00:00:37]} 35... h5 {[%clk 00:08:11]
[%emt 00:00:51]} 36. h4 {[%clk 00:00:34] [%emt 00:00:33]} 36... a4 {[%clk
00:07:18] [%emt 00:01:23]} 37. Nc2 {[%clk 00:00:56] [%emt 00:20:30]} 37... Rc1
{[%clk 00:07:49] [%emt 00:02:00]} 38. Qd2 {[%clk 00:00:39] [%emt 00:00:47]}
38... Rb1 {[%clk 00:07:47] [%emt 00:00:31]} 39. Bd3 {[%clk 00:00:35] [%emt
00:00:34]} 39... Rb2 {[%clk 00:07:37] [%emt 00:00:41]} 40. Qe2 {[%clk 00:30:47]
[%emt 00:00:17]} 40... Kh6 {[%clk 00:34:09] [%emt 00:03:58]} 41. Qe4 {[%clk
00:27:41] [%emt 00:03:37]} 41... Rb3 {[%clk 00:31:30] [%emt 00:03:09]} 42. Be5
{[%clk 00:22:50] [%emt 00:05:21]} 42... Qf5 {[%clk 00:27:45] [%emt 00:04:15]}
43. Qe3+ {[%clk 00:17:26] [%emt 00:05:55]} 43... Kh7 {[%clk 00:28:13] [%emt
00:00:01]} 44. Bxf5 {[%clk 00:17:43] [%emt 00:00:13]} 44... Rxe3 {[%clk
00:28:39] [%emt 00:00:04]} 45. fxe3 {[%clk 00:18:03] [%emt 00:00:09]} 45...
Bxe5 {[%clk 00:28:42] [%emt 00:00:28]} 46. Bc8 {[%clk 00:18:10] [%emt
00:00:23]} 46... Bb2 {[%clk 00:21:43] [%emt 00:07:29]} 47. Bxb7 {[%clk
00:17:47] [%emt 00:00:53]} 47... a3 {[%clk 00:22:08] [%emt 00:00:05]} 48. Nb4
{[%clk 00:17:43] [%emt 00:00:34]} 48... Bc3 {[%clk 00:22:27] [%emt 00:00:10]}
49. Na2 {[%clk 00:16:58] [%emt 00:01:16]} 49... Bf6 {[%clk 00:22:47] [%emt
00:00:09]} 50. Bxc6 {[%clk 00:15:57] [%emt 00:01:32]} 50... Be7 {[%clk
00:23:01] [%emt 00:00:16]} 51. Bd5 {[%clk 00:15:36] [%emt 00:00:51]} 51... Bxc5
{[%clk 00:23:27] [%emt 00:00:04]} 52. e4 {[%clk 00:15:50] [%emt 00:00:16]}
52... Be7 {[%clk 00:21:58] [%emt 00:01:58]} 53. Kh3 {[%clk 00:16:05] [%emt
00:00:16]} 53... Kh6 {[%clk 00:15:30] [%emt 00:06:58]} 54. e5 {[%clk 00:13:43]
[%emt 00:02:52]} 54... g5 {[%clk 00:15:40] [%emt 00:00:20]} 55. hxg5+ {[%clk
00:12:28] [%emt 00:01:46]} 55... Kxg5 {[%clk 00:16:09] [%emt 00:00:01]} 56. Nc3
{[%clk 00:12:35] [%emt 00:00:22]} 56... Kf5 {[%clk 00:15:12] [%emt 00:01:26]}
57. e6 {[%clk 00:12:42] [%emt 00:00:23]} 57... Ke5 {[%clk 00:14:16] [%emt
00:01:26]} 58. Ba2 {[%clk 00:13:03] [%emt 00:00:09]} 58... Kd4 {[%clk 00:11:26]
[%emt 00:03:18]} 59. Nd5 {[%clk 00:13:05] [%emt 00:00:29]} 59... Bd8 {[%clk
00:11:08] [%emt 00:00:49]} 60. e7 {[%clk 00:12:28] [%emt 00:01:08]} 60... Bxe7
{[%clk 00:11:34] [%emt 00:00:04]} 61. Nxe7 {[%clk 00:12:50] [%emt 00:00:07]}
61... Kc3 {[%clk 00:12:02] [%emt 00:00:03]} 62. Nc6 {[%clk 00:11:43] [%emt
00:01:37]} 62... Kb2 {[%clk 00:12:23] [%emt 00:00:08]} 63. Nb4 {[%clk 00:11:48]
[%emt 00:00:26]} 63... Kc3 {[%clk 00:12:48] [%emt 00:00:04]} 64. Nd5+ {[%emt
00:00:37]} 1/2-1/2

[Event "New Zealand Championship 2023"]
[Site "Wellington"]
[Date "2023.01.06"]
[Round "5.4"]
[White "Croad, Nicolas"]
[Black "McLaren, Leonard J"]
[Result "1-0"]
[WhiteElo "2442"]
[BlackElo "2265"]

1. e4 {[%clk 01:30:58] [%emt 00:00:02]} 1... c5 {[%clk 01:30:55] [%emt
00:00:05]} 2. Nf3 {[%clk 01:31:24] [%emt 00:00:06]} 2... a6 {[%clk 01:31:20]
[%emt 00:00:03]} 3. c3 {[%clk 01:31:05] [%emt 00:00:49]} 3... d5 {[%clk
01:31:44] [%emt 00:00:06]} 4. exd5 {[%clk 01:31:04] [%emt 00:00:32]} 4... Qxd5
{[%clk 01:32:10] [%emt 00:00:04]} 5. d4 {[%clk 01:31:17] [%emt 00:00:17]} 5...
e6 {[%clk 01:32:11] [%emt 00:00:29]} 6. Be3 {[%clk 01:30:24] [%emt 00:01:23]}
6... cxd4 {[%clk 01:31:44] [%emt 00:00:57]} 7. cxd4 {[%clk 01:30:42] [%emt
00:00:12]} 7... Nf6 {[%clk 01:31:05] [%emt 00:01:09]} 8. Nc3 {[%clk 01:29:35]
[%emt 00:01:37]} 8... Qd6 {[%clk 01:30:50] [%emt 00:00:45]} 9. Bd3 {[%clk
01:27:34] [%emt 00:02:32]} 9... Be7 {[%clk 01:30:08] [%emt 00:01:12]} 10. O-O
{[%clk 01:23:27] [%emt 00:04:37]} 10... O-O {[%clk 01:29:47] [%emt 00:00:51]}
11. Qe2 {[%clk 01:14:54] [%emt 00:09:04]} 11... Nc6 {[%clk 01:28:57] [%emt
00:01:19]} 12. Rad1 {[%clk 01:14:47] [%emt 00:00:36]} 12... Rd8 {[%clk
01:22:06] [%emt 00:07:21]} 13. a3 {[%clk 01:11:16] [%emt 00:04:02]} 13... Bd7
{[%clk 01:17:40] [%emt 00:04:55]} 14. Bg5 {[%clk 01:02:38] [%emt 00:09:09]}
14... Be8 {[%clk 01:08:38] [%emt 00:09:32]} 15. Rfe1 {[%clk 00:56:37] [%emt
00:06:31]} 15... g6 {[%clk 01:00:58] [%emt 00:08:09]} 16. Bc4 {[%clk 00:51:17]
[%emt 00:05:50]} 16... b5 {[%clk 00:56:22] [%emt 00:05:06]} 17. Ba2 {[%clk
00:41:39] [%emt 00:10:08]} 17... b4 {[%clk 00:46:30] [%emt 00:10:22]} 18. axb4
{[%clk 00:41:23] [%emt 00:00:46]} 18... Nxb4 {[%clk 00:44:59] [%emt 00:02:01]}
19. Bb3 {[%clk 00:35:08] [%emt 00:06:45]} 19... Bc6 {[%clk 00:32:28] [%emt
00:13:01]} 20. d5 {[%clk 00:33:43] [%emt 00:01:55]} 20... Nbxd5 {[%clk
00:28:56] [%emt 00:04:01]} 21. Nxd5 {[%clk 00:33:52] [%emt 00:00:22]} 21...
Nxd5 {[%clk 00:27:12] [%emt 00:02:13]} 22. Bxd5 {[%clk 00:34:16] [%emt
00:00:05]} 22... Bxd5 {[%clk 00:25:47] [%emt 00:01:56]} 23. Rxd5 {[%clk
00:34:36] [%emt 00:00:10]} 23... Qxd5 {[%clk 00:25:45] [%emt 00:00:31]} 24.
Bxe7 {[%clk 00:35:02] [%emt 00:00:05]} 24... Rd7 {[%clk 00:24:50] [%emt
00:01:25]} 25. Bf6 {[%clk 00:35:14] [%emt 00:00:18]} 25... h6 {[%clk 00:19:55]
[%emt 00:05:25]} 26. Bc3 {[%clk 00:32:38] [%emt 00:03:06]} 26... a5 {[%clk
00:18:50] [%emt 00:01:34]} 27. Ne5 {[%clk 00:32:48] [%emt 00:00:20]} 27... Rdd8
{[%clk 00:16:52] [%emt 00:02:28]} 28. Qe3 {[%clk 00:32:26] [%emt 00:00:53]}
28... g5 {[%clk 00:14:21] [%emt 00:03:00]} 29. Qh3 {[%clk 00:32:15] [%emt
00:00:40]} 29... f6 {[%clk 00:11:31] [%emt 00:03:21]} 30. Ng4 {[%clk 00:31:48]
[%emt 00:00:57]} 30... Qd3 {[%clk 00:10:36] [%emt 00:01:26]} 31. Qxh6 {[%clk
00:31:15] [%emt 00:01:01]} 31... e5 {[%clk 00:09:18] [%emt 00:01:48]} 32. Nxf6+
{[%clk 00:30:57] [%emt 00:00:48]} 32... Kf7 {[%clk 00:09:42] [%emt 00:00:06]}
33. Ng4 {[%emt 00:00:48]} 1-0

[Event "New Zealand Championship 2023"]
[Site "Wellington"]
[Date "2023.01.06"]
[Round "5.5"]
[White "Gong, Daniel Hanwen"]
[Black "Rains, Edward"]
[Result "1-0"]
[WhiteElo "2388"]
[BlackElo "2180"]

1. e4 {[%clk 01:30:58] [%emt 00:00:02]} 1... d6 {[%clk 01:30:39] [%emt
00:00:21]} 2. d4 {[%clk 01:31:15] [%emt 00:00:13]} 2... Nf6 {[%clk 01:31:02]
[%emt 00:00:07]} 3. Nc3 {[%clk 01:31:41] [%emt 00:00:04]} 3... Nbd7 {[%clk
01:31:25] [%emt 00:00:07]} 4. f4 {[%clk 01:32:07] [%emt 00:00:05]} 4... e5
{[%clk 01:31:48] [%emt 00:00:08]} 5. Nf3 {[%clk 01:32:29] [%emt 00:00:07]} 5...
exd4 {[%clk 01:31:30] [%emt 00:00:48]} 6. Qxd4 {[%clk 01:32:46] [%emt
00:00:14]} 6... c6 {[%clk 01:31:49] [%emt 00:00:11]} 7. Bd2 {[%clk 01:32:21]
[%emt 00:00:55]} 7... d5 {[%clk 01:31:40] [%emt 00:00:39]} 8. O-O-O {[%clk
01:32:24] [%emt 00:00:27]} 8... Bc5 {[%clk 01:28:54] [%emt 00:03:18]} 9. Qd3
{[%clk 01:31:27] [%emt 00:01:26]} 9... Ng4 {[%clk 01:24:03] [%emt 00:05:20]}
10. exd5 {[%clk 01:30:20] [%emt 00:01:38]} 10... Nf2 {[%clk 01:15:18] [%emt
00:09:15]} 11. Re1+ {[%clk 01:29:13] [%emt 00:01:37]} 11... Kf8 {[%clk
01:14:36] [%emt 00:01:12]} 12. Qc4 {[%clk 01:29:11] [%emt 00:00:33]} 12... Nxh1
{[%clk 01:00:47] [%emt 00:14:18]} 13. dxc6 {[%clk 01:29:33] [%emt 00:00:08]}
13... bxc6 {[%clk 00:56:31] [%emt 00:04:46]} 14. Ng5 {[%clk 01:28:13] [%emt
00:01:49]} 14... Qf6 {[%clk 00:48:59] [%emt 00:08:02]} 15. Nce4 {[%clk
01:28:11] [%emt 00:00:32]} 15... Qf5 {[%clk 00:46:11] [%emt 00:03:19]} 16. Nxc5
{[%clk 01:28:21] [%emt 00:00:20]} 16... Qd5 {[%clk 00:29:34] [%emt 00:17:07]}
17. Qxd5 {[%clk 01:19:14] [%emt 00:09:37]} 17... cxd5 {[%clk 00:29:56] [%emt
00:00:08]} 18. Bb5 {[%clk 01:19:39] [%emt 00:00:05]} 18... Nf6 {[%clk 00:17:50]
[%emt 00:12:35]} 19. Rxh1 {[%clk 01:19:48] [%emt 00:00:21]} 19... Rb8 {[%clk
00:16:01] [%emt 00:02:20]} 20. Bd3 {[%clk 01:19:21] [%emt 00:00:57]} 20... h6
{[%clk 00:13:21] [%emt 00:03:09]} 21. Nf3 {[%clk 01:19:41] [%emt 00:00:10]}
21... Nd7 {[%clk 00:07:58] [%emt 00:05:54]} 22. Nxd7+ {[%clk 01:19:45] [%emt
00:00:26]} 22... Bxd7 {[%clk 00:08:23] [%emt 00:00:06]} 23. Ne5 {[%clk
01:19:15] [%emt 00:00:59]} 23... Be8 {[%clk 00:08:20] [%emt 00:00:33]} 24. Be3
{[%clk 01:17:33] [%emt 00:02:11]} 24... Ke7 {[%clk 00:05:28] [%emt 00:03:22]}
25. Bxa7 {[%clk 01:17:32] [%emt 00:00:32]} 25... Ra8 {[%clk 00:05:25] [%emt
00:00:33]} 26. Bc5+ {[%clk 01:17:46] [%emt 00:00:16]} 26... Kd8 {[%clk
00:05:30] [%emt 00:00:25]} 27. a3 {[%clk 01:17:41] [%emt 00:00:35]} 27... g5
{[%clk 00:04:02] [%emt 00:01:57]} 28. f5 {[%clk 01:17:00] [%emt 00:01:11]}
28... f6 {[%clk 00:03:49] [%emt 00:00:43]} 29. Ng4 {[%clk 01:17:23] [%emt
00:00:06]} 29... Rc8 {[%clk 00:01:44] [%emt 00:02:36]} 30. b4 {[%clk 01:17:10]
[%emt 00:00:43]} 1-0

[Event "New Zealand Championship 2023"]
[Site "Wellington"]
[Date "2023.01.06"]
[Round "5.6"]
[White "Ker, Anthony F"]
[Black "Timergazi, Layla"]
[Result "1/2-1/2"]
[WhiteElo "2425"]
[BlackElo "2136"]

1. e4 {[%clk 01:30:56] [%emt 00:00:03]} 1... c6 {[%clk 01:30:56] [%emt
00:00:05]} 2. Nf3 {[%clk 01:31:19] [%emt 00:00:06]} 2... d5 {[%clk 01:31:19]
[%emt 00:00:07]} 3. exd5 {[%clk 01:31:42] [%emt 00:00:06]} 3... cxd5 {[%clk
01:31:44] [%emt 00:00:06]} 4. Ne5 {[%clk 01:32:06] [%emt 00:00:06]} 4... Nf6
{[%clk 01:30:25] [%emt 00:01:49]} 5. d4 {[%clk 01:32:24] [%emt 00:00:11]} 5...
Nc6 {[%clk 01:30:39] [%emt 00:00:16]} 6. Bb5 {[%clk 01:32:45] [%emt 00:00:09]}
6... Bd7 {[%clk 01:30:45] [%emt 00:00:24]} 7. Nxd7 {[%clk 01:33:05] [%emt
00:00:09]} 7... Qxd7 {[%clk 01:30:51] [%emt 00:00:25]} 8. c3 {[%clk 01:33:25]
[%emt 00:00:10]} 8... a6 {[%clk 01:31:03] [%emt 00:00:19]} 9. Bd3 {[%clk
01:33:04] [%emt 00:00:50]} 9... e6 {[%clk 01:30:52] [%emt 00:00:42]} 10. O-O
{[%clk 01:32:03] [%emt 00:01:30]} 10... Bd6 {[%clk 01:28:22] [%emt 00:03:00]}
11. Nd2 {[%clk 01:32:17] [%emt 00:00:15]} 11... O-O {[%clk 01:27:10] [%emt
00:01:42]} 12. Re1 {[%clk 01:32:34] [%emt 00:00:12]} 12... e5 {[%clk 01:21:13]
[%emt 00:06:28]} 13. dxe5 {[%clk 01:31:56] [%emt 00:01:08]} 13... Nxe5 {[%emt
00:00:39]} 14. Nf3 {[%clk 01:32:03] [%emt 00:00:22]} 14... Rfe8 {[%clk
01:10:44] [%emt 00:10:51]} 15. Nxe5 {[%clk 01:03:30] [%emt 00:29:03]} 15...
Bxe5 {[%clk 01:09:40] [%emt 00:01:34]} 16. g3 {[%clk 01:01:48] [%emt 00:02:12]}
16... Bc7 {[%clk 01:00:31] [%emt 00:09:40]} 17. Be3 {[%clk 00:57:51] [%emt
00:04:26]} 17... Ng4 {[%emt 00:09:19]} 18. Bd4 {[%emt 00:03:50]} 18... Rxe1+
{[%clk 00:51:37] [%emt 00:01:32]} 19. Qxe1 {[%clk 00:54:02] [%emt 00:00:02]}
19... Re8 {[%emt 00:11:43]} 20. Qd2 {[%emt 00:02:18]} 20... Be5 {[%emt
00:02:31]} 21. Re1 {[%emt 00:02:54]} 21... Bxd4 {[%clk 00:45:33] [%emt
00:01:11]} 22. cxd4 {[%emt 00:05:10]} 22... Nf6 {[%clk 00:41:05] [%emt
00:00:32]} 23. Kg2 {[%clk 00:38:31] [%emt 00:03:44]} 23... Rc8 {[%clk 00:32:41]
[%emt 00:08:54]} 24. Qb4 {[%clk 00:37:11] [%emt 00:01:50]} 24... Rc7 {[%clk
00:30:41] [%emt 00:02:30]} 25. a4 {[%clk 00:35:15] [%emt 00:02:27]} 25... g6
{[%clk 00:30:15] [%emt 00:00:56]} 26. a5 {[%clk 00:35:33] [%emt 00:00:11]}
26... Kg7 {[%emt 00:10:05]} 27. f3 {[%emt 00:01:43]} 27... h5 {[%clk 00:24:53]
[%emt 00:01:29]} 28. h4 Ng8 {[%clk 00:25:12] [%emt 00:09:25]} 29. Re2 {[%clk
00:19:59]} 1/2-1/2